The new"MINIEC" Version 3: intial concept of employment (Record no. 65778)

000 -LEADER
fixed length control field 00465nam a22001697a 4500
003 - CONTROL NUMBER IDENTIFIER
control field NUST - PNEC
005 - DATE AND TIME OF LATEST TRANSACTION
control field 20170116180926.0
008 - FIXED-LENGTH DATA ELEMENTS--GENERAL INFORMATION
fixed length control field 150905b xxu||||| |||| 00| 0 eng d
020 ## - INTERNATIONAL STANDARD BOOK NUMBER
International Standard Book Number -
040 ## - CATALOGING SOURCE
Transcribing agency LIBRARY
082 ## - DEWEY DECIMAL CLASSIFICATION NUMBER
Classification number 621.3 LOG
100 ## - MAIN ENTRY--PERSONAL NAME
9 (RLIN) 8029
Personal name Logan, J. C.
245 ## - TITLE STATEMENT
Title The new"MINIEC" Version 3: intial concept of employment
Statement of responsibility, etc. J. C. Logan and J. W. Rockway
260 ## - PUBLICATION, DISTRIBUTION, ETC.
Date of publication, distribution, etc. c.1986
650 ## - SUBJECT ADDED ENTRY--TOPICAL TERM
9 (RLIN) 8031
Topical term or geographic name entry element Mechanical, Electrical
General subdivision ME,EE
942 ## - ADDED ENTRY ELEMENTS (KOHA)
Source of classification or shelving scheme
Koha item type Book
Holdings
Withdrawn status Lost status Source of classification or shelving scheme Damaged status Not for loan Permanent Location Current Location Shelving location Date acquired Total Checkouts Full call number Barcode Date last seen Price effective from Koha item type
          Pakistan Navy Engineering College (PNEC) Pakistan Navy Engineering College (PNEC)       621.3 LOG PNECLIB-012762 09/05/2015   Book
          Pakistan Navy Engineering College (PNEC) Pakistan Navy Engineering College (PNEC)       621.3 LOG PNECLIB-012765 12/06/2015   Book
© 2023 Central Library, National University of Sciences and Technology. All Rights Reserved.